University Home | Library Home | Institutional Repository

Biotechnology for energy. (Record no. 96420)

MARC details
000 -LEADER
fixed length control field 00410cam9a220016900 4500
001 - CONTROL NUMBER
control field tmp15754008
003 - CONTROL NUMBER IDENTIFIER
control field UPRA
005 - DATE AND TIME OF LATEST TRANSACTION
control field 20190819092050.0
008 - FIXED-LENGTH DATA ELEMENTS--GENERAL INFORMATION
fixed length control field 951020s1991 xx eng u
035 ## - SYSTEM CONTROL NUMBER
System control number (Sirsi) r41921
035 ## - SYSTEM CONTROL NUMBER
System control number (UPRA)tmp15754008
040 ## - CATALOGING SOURCE
Transcribing agency UPRA
245 00 - TITLE STATEMENT
Title Biotechnology for energy.
260 ## - PUBLICATION, DISTRIBUTION, ETC.
Date of publication, distribution, etc. 1991.
949 ## - LOCAL PROCESSING INFORMATION (OCLC)
a HD9999
w lcc
i -51033
m MAIN
p 2500
t BOOK
l ON-SHELF

No items available.

© 2026 - The University of Zambia Library - Koha v25.11